| 000 | 00560nam a2200181 a 4500 | ||
|---|---|---|---|
| 001 | 000048642 | ||
| 005 | 20201002061309.0 | ||
| 008 | 190404s2013 dr 000 0 spa d | ||
| 020 | _a9789945430219 | ||
| 040 |
_aDO-SdBNP _bspa _cBNPHU |
||
| 082 |
_axx _bxx |
||
| 100 | 1 |
_aKaba, Esthela _976050 |
|
| 245 | 1 | 3 |
_aEl duendecillo / _cEsthela Kaba. |
| 260 |
_a[Santo Domingo], República Dominicana : _bLa Escalera, _c2013. |
||
| 300 |
_a218 p. ; _c23 cm. |
||
| 500 | _aIncluye datos biográficos de la autora en la contracubierta | ||
| 590 | _aInventariado, 2019/VM | ||
| 999 |
_c48130 _d48130 |
||